000 00481nam a2200121Ia 4500
008 220620s9999||||xx |||||||||||||| ||und||
100 _aMayer, Vicki
245 0 _aAlmost Hollywood, Nearly New Orleans
_bThe Lure of the Local Film Economy
546 _aEnglish[eng]
650 _aSocial Science||Media Studies||Social Science||Sociology||Urban||Performing Arts||Film||General
856 _uhttps://library.oapen.org/bitstream/20.500.12657/43783/1/external_content.epub
942 _cEB
999 _c30638
_d30638